Statistics for Usa cities

Click here to take the quiz!

General Stats

  • This quiz has been taken 44 times
    (31 since last reset)
  • The average score is 9 of 15

Answer Stats

QuizAnswer% Correct
What city is the capital of Texas?Austin
96%
What is the largest city by population in Texas?Houston
93%
What is the largest city west of the Mississippi?Los Angeles
93%
What major city has the most land below sea level?New Orleans
74%
What is the second largest city in Washington State?Spokane
70%
What is the largest city in Montana?Billings
67%
What city is home to the smallest National Park?St Louis
67%
What is the first major city that the Mississippi river runs through?Minneapolis
59%
What city holds Coney Island?New York City
59%
What is the largest city on the Delaware River?Philadelphia
48%
What city does the gila river flow through?Phoenix
44%
What city lies where the Platte River meets the Missouri River?Omaha
37%
What is the largest city in the Willamette River flows through?Portland
37%
What city lies just southeast of the Okefenokee swamp?Jacksonville
33%
What city has the nickname The Crossroads of America?Indianapolis
26%

Score Distribution

Percentile by Number Answered

Percent of People with Each Score

Your Score History

You have not taken this quiz since the last reset